समज आणि उमज (Record no. 470413)

MARC details
000 -LEADER
fixed length control field 00454nam a2200145Ia 4500
008 - FIXED-LENGTH DATA ELEMENTS--GENERAL INFORMATION
fixed length control field 100204s9999 xx 000 0 und d
082 ## - DEWEY DECIMAL CLASSIFICATION NUMBER
Item number 25236
100 ## - MAIN ENTRY--PERSONAL NAME
Personal name तोरडमल मधुकर
245 ## - TITLE STATEMENT
Title समज आणि उमज
260 ## - PUBLICATION, DISTRIBUTION, ETC. (IMPRINT)
Name of publisher, distributor, etc "पद्मगंधा प्रकाशन , पुणे"
Date of publication, distribution, etc 2002
300 ## - PHYSICAL DESCRIPTION
Extent 182
630 ## - SUBJECT ADDED ENTRY--UNIFORM TITLE
Uniform title समज आणि उमज
730 ## - ADDED ENTRY--UNIFORM TITLE
Uniform title समज आणि उमज
942 ## - ADDED ENTRY ELEMENTS (KOHA)
Koha item type Book
Holdings
Withdrawn status Lost status Damaged status Not for loan Home library Current library Date acquired Cost, normal purchase price Total Checkouts Full call number Barcode Date last seen Cost, replacement price Price effective from Koha item type
        N. C. Kelkar Sarvajanik Library, Mulund N. C. Kelkar Sarvajanik Library, Mulund 07/02/2002 140.00   25236 NCKMULUND-25236 02/04/2010 140.00 02/04/2010 Book